| 000 | 01093nam a22002295i 4500 | ||
|---|---|---|---|
| 001 | 162938 | ||
| 003 | ES-MaACL | ||
| 005 | 20250716063321.0 | ||
| 008 | 990315s1883 sp |||| | spa d | ||
| 040 |
_aCYL _bspa _cCYL |
||
| 100 | 1 |
_aRamón y Vidal, Juan, _d1850- _eaut _9131576 |
|
| 245 | 1 | 0 |
_aPreservativo del carbunco en los ganados, o sea Compendio descriptivo y detallado de los adelantos observados en la Comisión al extranjero / _cdesempeñada por Juan Ramón y Vidal. |
| 260 |
_aMadrid : _b[s.n.], _c1883 _f(Imp. y Litografía de Nicolás González) |
||
| 300 |
_a87 páginas, [15] hojas de láminas ; _c21 cm. |
||
| 599 | 1 | _aLas h. de grab. lit. | |
| 650 | 4 |
_aCarbunco. _9152636 |
|
| 740 | 0 | _aCompendio descriptivo y detallado de los adelantos observados en la Comisión al extranjero. | |
| 852 |
_aES-MaACL _cDEPOF _gDed. del autor a Felipe Benicio Navarro _hDonativo de Felipe Benicio Navarro _jT-465-F-1 _xEnc. en un vol. facticio _xHolandesa, falto de cub. original |
||
| 942 |
_2udc _cFOLLETOS _n0 |
||
| 999 |
_c162938 _d162938 |
||